Women claiming rights : using normative frameworks of UNSCR 1325 & CEDAW : study on women affected by conflict in post war Sri Lanka : (Record no. 4743)
[ view plain ]
| 000 -LEADER | |
|---|---|
| fixed length control field | 00760nam a2200169 4500 |
| 008 - FIXED-LENGTH DATA ELEMENTS--GENERAL INFORMATION | |
| fixed length control field | 240212b |||||||| |||| 00| 0 eng d |
| 020 ## - ISBN | |
| ISBN | 9789551770150 |
| 082 ## - DEWEY DECIMAL CLASSIFICATION NUMBER | |
| Classification number | 305.4 |
| Item number | WOM |
| 942 ## - ADDED ENTRY ELEMENTS (KOHA) | |
| Item Type | Reports |
| 710 ## - ADDED ENTRY--CORPORATE NAME | |
| Corporate Author | Women and Media Collective |
| 245 ## - TITLE STATEMENT | |
| Title | Women claiming rights : using normative frameworks of UNSCR 1325 & CEDAW : study on women affected by conflict in post war Sri Lanka : |
| Sub Title | selected cases of marginalisation and poverty; female headed households; female ex-combatants; land rights and domestic violence |
| 260 ## - PUBLICATION, DISTRIBUTION, ETC. (IMPRINT) | |
| Place of Publication | Colombo: |
| Name of Publisher | The Women and Media Collective, |
| Date of Copyright | 2014 |
| 300 ## - PHYSICAL DESCRIPTION | |
| Extent | v, 59 p. : maps (chiefly color) ; 30 cm |
| 650 ## - SUBJECT ADDED ENTRY--TOPICAL TERM | |
| Topical Term | Women's rights--Sri Lanka |
| 650 ## - SUBJECT ADDED ENTRY--TOPICAL TERM | |
| Topical Term | Women and war--Sri Lanka |
| 650 ## - SUBJECT ADDED ENTRY--TOPICAL TERM | |
| Topical Term | Sri Lanka--History--Civil War |
| Withdrawn status | Lost status | Source of classification or shelving scheme | Damaged status | Not for loan | Permanent location | Current location | Date acquired | Total Checkouts | Full call number | Barcode | Date last seen | Price effective from | Koha item type |
|---|---|---|---|---|---|---|---|---|---|---|---|---|---|
| Dewey Decimal Classification | Resource center, Muslim Women's Research And Action Forum | Resource center, Muslim Women's Research And Action Forum | 2024-02-12 | 305.4 WOM | RAF5017 | 2024-02-12 | 2024-02-12 | Reports | |||||
| Dewey Decimal Classification | Resource center, Muslim Women's Research And Action Forum | Resource center, Muslim Women's Research And Action Forum | 2024-02-12 | 305.4 WOM | RAF5018 | 2024-02-12 | 2024-02-12 | Reports | |||||
| Dewey Decimal Classification | Resource center, Muslim Women's Research And Action Forum | Resource center, Muslim Women's Research And Action Forum | 2024-02-12 | 305.4 WOM | RAF5019 | 2024-02-12 | 2024-02-12 | Reports |

